| 000 | 00484nam a2200181Ia 4500 | ||
|---|---|---|---|
| 001 | 10550 | ||
| 005 | 20260306161840.0 | ||
| 008 | 260306t1967||||xx |||||||||||||| ||spa|| | ||
| 041 | _aESP | ||
| 082 |
_a940.25 _bD98 |
||
| 100 |
_aDuroselle, Jean Baptiste _eAUT |
||
| 245 | 0 |
_aEuropa de 1815 hasta nuestros días: _bvida política y relaciones internacionales |
|
| 260 | _c1967 | ||
| 300 |
_a326 páginas : _c20 cm. |
||
| 650 | _aGEN | ||
| 654 | _aCHU | ||
| 942 |
_cLIB _dJUS _fJUS _2ddc _n |
||
| 999 |
_c10550 _d10550 |
||